01737cam a2200301 i 4500001001000000003000600010005001700016008004100033010001700074020001800091035002200109040008000131041000800211042000800219050002400227100003900251245007200290250002100362260003600383300005500419504005100474520069400525650002901219650004301248942000801291952012101299999001501420a26777765SIRSI20251017152222.0171103s2019 nyua b 001 0 eng  a 2017045383 a9781292265636 a(OCoLC)1010602750 aDLCbengerdacDLCdOCLCOdOCLCFdYDXdBDXdYDXdOCLCOdP4AdUKMGBdUtOrBLW aeng apcc00aHF5415.2b.M29 2019 aMalhotra, Naresh K.eauthor92618510aMarketing researchb: an applied orientationc/ Naresh K. Malhotra. aSeventh edition. aNew York, NY :bPearson,c2019. axxvi, 856 pages :billustrations (color) ;c29 cm. aIncludes bibliographical references and index. aFor undergraduate and graduate courses in marketing research. With a do-it-yourself, hands-on approach, Marketing Research: An Applied Orientation illustrates the interaction between marketing research decisions and marketing management decisions. This text uses a practical six-step framework for conducting marketing research, utilising a variety of marketing companies to highlight qualitative and quantitative research strategies. The 7th Edition provides current, contemporary, and illustrative material sensitive to user needs. And with detailed emphasis on how to run the SPSS and SAS programs, marketing research students obtain the most extensive help available on this industry. 0aMarketing research91465 0aMarketing research xMethodology98379 2lcc 00102lcc4070aTBSbTBSd2025-10-17l1oHF5415.2 MALpB07701q2025-12-20r2025-11-20s2025-11-20t1w2025-10-17y1 c5056d5056